000 00615nam a2200193Ia 4500
003 GCL
008 140319s9999 xx 000 0 ara d
040 _aGCL /
_cGCL
082 0 4 _a398.23
_bح ا
100 1 _aحسين مجيب المصرى
245 1 0 _aالاسطورة بين العرب والفرس والترك (دراسة مقارنة) /
_cحسين مجيب المصرى
260 _a[S.N] :
_bمكتبة الانجلوالمصرية ،
_c1991
300 _a228 ص
490 _a
650 0 4 _aالفولكلور
650 0 4 _aالادب الشعبى
650 0 4 _aالاساطير
942 _2ddc
_cBK
999 _c32048
_d32048